Countries Closest to Nepal - Statistics

General Stats
  • This quiz has been taken 1,421 times
  • The average score is 18 of 20
Answer Stats
km country miles % Correct
0 China 0
100%
0 India 0
99%
63 Bhutan 39
96%
556 Pakistan 345
96%
22 Bangladesh 14
95%
957 Afghanistan 595
92%
590 Myanmar 366
92%
1258 Thailand 782
91%
1396 Laos 867
90%
1493 Vietnam 927
89%
1955 Sri Lanka 1215
88%
2060 Cambodia 1280
87%
1814 Mongolia 1127
87%
1573 Turkmenistan 978
86%
1770 Iran 1100
85%
1197 Kyrgyzstan 744
85%
965 Tajikistan 599
85%
1466 Uzbekistan 911
85%
1318 Kazakhstan 819
84%
2130 Russia 1324
82%
No matching quizzes found
Score Distribution
Percent of People with Each Score
Percentile by Number Answered
Your Score History
You have not taken this quiz